Exploring artificial intelligence in the New Millennium
Đã lưu trong:
| 格式: | 圖書 |
|---|---|
| 語言: | Undetermined |
| 出版: |
Amsterdam, The Netherlands
Morgan Kaufmann
2003
|
| 主題: | |
| 標簽: |
添加標簽
沒有標簽, 成為第一個標記此記錄!
|
| Thư viện lưu trữ: | Trung tâm Học liệu Trường Đại học Cần Thơ |
|---|
| LEADER | 00560nam a2200181Ia 4500 | ||
|---|---|---|---|
| 001 | CTU_58120 | ||
| 008 | 210402s9999 xx 000 0 und d | ||
| 082 | |a 006.3 | ||
| 082 | |b E96 | ||
| 245 | 0 | |a Exploring artificial intelligence in the New Millennium | |
| 245 | 0 | |c Gerhard Lakemeyer and Bernhard Nebel | |
| 260 | |a Amsterdam, The Netherlands | ||
| 260 | |b Morgan Kaufmann | ||
| 260 | |c 2003 | ||
| 650 | |a artificial intelligence,computer graphics | ||
| 650 | |x computer programs | ||
| 904 | |i Minh | ||
| 980 | |a Trung tâm Học liệu Trường Đại học Cần Thơ | ||